• 首页
  • 本馆介绍
  • 公告通知
  • 最新文献
  • 馆藏检索
  • 电子资源
  • 读者导购
  • 参考咨询
  • 我的图书馆
  • 登录
  • 详细信息显示
  • 放入我的书架
  • 预约/预借图书
  • 作者相关作品
  • 分类相关作品
  • 丛书相关作品
  • 出版社相关作品

书目信息

  • 表格格式
  • 工作单格式
  • 卡片格式
题名:
建筑混凝土结构设计
    
 
作者: 顾祥林 主编
分册:  
出版信息: 上海   同济大学出版社  2021.1
页数: 414页
开本: 26cm
丛书名: 土木工程系列丛书
单 册:
中图分类: TU370.4
科图分类:
主题词: 混凝土结构--结构设计--高等教育--教材 , 混凝土结构 , 结构设计
电子资源:
ISBN: 978-7-5608-4557-9
000 00997nam0 2200313 45
001 012001002626
005 20141008093755.0
010    @a978-7-5608-4557-9@dCNY48.00
100    @a20110916d2011 em y0chiy50 ea
101 0  @achi
102    @aCN@b310000
105    @ay z 000yy
106    @ar
200 1  @a建筑混凝土结构设计@Ajian zhu hun ning tu jie gou she ji@f顾祥林主编
210    @a上海@c同济大学出版社@d2021.1
215    @a414页@d26cm@e1光盘
225 2  @a土木工程系列丛书
300    @a普通高等教育“十一五”国家级规划教材
307    @a附光盘:ISBN 978-7-900768-56-8
330    @a本书内容包括绪论、梁板结构、单层厂房排架结构、多层建筑框架结构、高层建筑结构和基础。
410  0 @1001012001036542
461  0 @12001 @a土木工程系列丛书
606 0  @a混凝土结构@x结构设计@x高等教育@j教材
606 0  @a混凝土结构
606 0  @a结构设计
690    @aTU370.4@v4
701  0 @a顾祥林@Agu xiang lin@4主编
801  2 @aCN@bBJSDL@c20211018
905    @b1350085-7@dTU370.4@e2055@f3
    
    建筑混凝土结构设计/顾祥林主编.-上海:同济大学出版社,2021.1
    414页;26cm+1光盘.-(土木工程系列丛书)
    普通高等教育“十一五”国家级规划教材
    
    ISBN 978-7-5608-4557-9:CNY48.00
    本书内容包括绪论、梁板结构、单层厂房排架结构、多层建筑框架结构、高层建筑结构和基础。
●
相关链接 在E读中查询图书 在五车中查询图书 在当当中查询图书 在豆瓣中查询图书


正题名:建筑混凝土结构设计     索取号:TU370.4/2055         预约/预借

序号 登录号 条形码 馆藏地/架位号 状态 备注
1 1350085   213500852   第二样本阅览室/ [索取号:TU370.4/2055] 在馆    
2 1350086   213500861   第三借阅区/ [索取号:TU370.4/2055] 在馆    
3 1350087   213500870   第三借阅区/ [索取号:TU370.4/2055] 在馆    
唐山师范学院图书馆 欢迎您!
大连网信软件有限公司© 版权所有